zpět

Detail výsledku týmu

Harry, Brno

Datum a čas kvízu

39.5 Celkem bodů Celkový počet nahraných bodů na tomto kvízu bez doplňovacích otázek.
4. Pořadí na kvízu Konečné umístění týmu na tomto kvízu.

Zaznamenané odpovědi

# Otázka Odpověď Body Výsledky
1. Jak se jmenuje pirátský poslan... Jakub Michálek 1
2. V neděli 19. listopadu půjde d... Napoleon Bonaparte 1
3. Jak se jmenuje tento americký... Patrick Dempsey 0
4. Ostravský rodák Karel Orlita,... exorcistů (vymítačů ďábla). 1
5. V Mexiku se konal vrchol tenis... Iga Świątek, Jessica Pegula 0.5
6. Fiktivní věda může být ta, kte... warp 1
7. Od konce 19. století už je pře... éter 1
8. V sci-fi knižní sérii Nadace s... Isaac Asimov 1
9. V seriálu Simpsonovi, konkrétn... frenologie 0
10. Nemůžeme opomenout Járu Cimrma... dvoudílné plavky 1